| 000 | 00788nam a2200217Ii 4500 | ||
|---|---|---|---|
| 003 | JO-AjNU | ||
| 008 | 230605s9999||||xx |||||||||||||| ||und|| | ||
| 017 | _a2011/10/3950 | ||
| 040 |
_aJO-AjNU _bara _erda _cJO-AjNU |
||
| 041 | _aara | ||
| 050 | 1 | 4 | _aBR1110 2012 |
| 100 | 3 |
_aخريسات، محمد عبد القادر, _eauthor _947988 |
|
| 245 | 0 | 0 | _aالمسيحيون في قضاء السلط ( السلط - الفحيص - الرميمين)، ج2 |
| 250 | _aط1 | ||
| 264 | 3 | 1 | _aعمان: وزارة الثقافة، 2012 |
| 300 |
_aج2: ص513-1024 _bالمصادر والمراجع ص 1013-1024 |
||
| 336 |
_atext _btxt _2rdacontent |
||
| 337 |
_aunmediated _bn _2rdamedia |
||
| 338 |
_avolume _bnc _2rdacarrier |
||
| 650 | 4 |
_aالمسيحيون- الاردن- السلط _947989 |
|
| 999 |
_aA20986 _c24554 _d24554 |
||